| 000 | 00470nam a2200193Ia 4500 | ||
|---|---|---|---|
| 005 | 20250423094443.0 | ||
| 008 | 250422s9999 xx 000 0 und d | ||
| 020 | _a0-07-231531-8 | ||
| 050 | _aHG 4026 .H496/ | ||
| 100 | _aRobert C. Higgins | ||
| 245 | 0 | _aAnalysis for Financial Management | |
| 250 | _a6 | ||
| 260 | _aNew York | ||
| 260 | _bMcgraw Hill Higher Education | ||
| 260 | _c2001 | ||
| 300 | _a399 p | ||
| 650 | _aCorporations Finance | ||
| 942 | _cBK | ||
| 999 |
_c27284 _d27284 |
||